আ্যমেরিকার উচ্চ শিক্ষা ও স্কলারশিপ। (Record no. 2151)
[ view plain ]
| 000 -LEADER | |
|---|---|
| fixed length control field | 00710nam a2200145Ia 4500 |
| 008 - FIXED-LENGTH DATA ELEMENTS--GENERAL INFORMATION | |
| fixed length control field | 151213s9999 xx 000 0 und d |
| 100 ## - MAIN ENTRY--PERSONAL NAME | |
| Personal name | সৈয়দ শারমিন আফসার ও সৈয়দ নূরুল করীম। |
| 245 ## - TITLE STATEMENT | |
| Title | আ্যমেরিকার উচ্চ শিক্ষা ও স্কলারশিপ। |
| Statement of responsibility, etc. | সৈয়দ শারমিন আফসার ও সৈয়দ নূরুল করীম। |
| 260 ## - PUBLICATION, DISTRIBUTION, ETC. (IMPRINT) | |
| Place of publication, distribution, etc. | ঢাকা |
| Name of publisher, distributor, etc. | ও আর ডি। |
| 300 ## - PHYSICAL DESCRIPTION | |
| Extent | 3126 p. |
| 650 ## - SUBJECT ADDED ENTRY--TOPICAL TERM | |
| Topical term or geographic name as entry element | Education |
| 650 ## - SUBJECT ADDED ENTRY--TOPICAL TERM | |
| Topical term or geographic name as entry element | Reference |
| 700 ## - ADDED ENTRY--PERSONAL NAME | |
| Personal name | সৈয়দ শারমিন আফসার ও সৈয়দ নূরুল করীম। |
No items available.
